000 00625nam a2200241Ia 4500
003 OSt
005 20220912152758.0
006 a|||||r|||| 00| 0
007 ta
008 220909b |||||||| |||| 00| 0 eng d
024 _a34567
037 _cTextual
040 _aCSL
_beng
_cCSL
041 _aeng
082 _aY1:321xN08:g, L9
100 _aShalvey Thomas
245 0 _aClaude levi-struss: Social psychREFapy and the collective inconscious
260 _c1979
300 _ap.
_ccm.
650 _aSociology
942 _hY1:321xN08:g, L9
_cTEXL
_2CC
999 _c91986
_d91986